000 00652nam a2200205Ia 4500
003 OSt
005 20260115122059.0
008 220923b |||||||| |||| 00| 0 eng d
037 _cGeneral Book
040 _aRTL
_cRTL
_beng
041 _2eng
_aeng
084 _aX:8M691 , M3
_qRTL
100 _aGeorges T M
_9244630
245 0 _aBusieness and technical writing cookbook
_b How to
260 _aBoulder
_bSyntax Publications
_c1983
300 _avii i, 244 p.
_ccm.
_bincludes bibliographical references and index.
500 _aBibliography p 239-41
942 _hX:8M691 , M3
_cGB
_2CC
_n0
999 _c488707
_d488707